MARC

LEADER 00000nam0a2200000 4500
001 362723
005 20231102011522.0
035 |a (RuTPU)RU\TPU\retro\20069 
035 |a RU\TPU\retro\20068 
090 |a 362723 
100 |a 20210823d1932 k y0rusy50 ca 
101 0 |a rus 
102 |a RU 
105 |a a z 001zy 
200 1 |a Геологические исследования в северной части планшета III-2 Кабристанских пастбищ. Лист Ильхичи-Даг  |f С. Е. Пахомов  |g Нефтяной геологоразведочный институт 
210 |a Москва  |a Ленинград  |c Нефтяное изд-во  |d 1932 
215 |a 84 с.  |c ил. 
225 1 |a Труды нефтяного геолого-разведочного института 
225 1 |a Серия А  |v Вып. 18 
320 |9 572  |a Библиогр. в примеч. 
606 1 |a Геологические исследования  |2 stltpush  |3 (RuTPU)RU\TPU\subj\6042  |9 34006 
610 1 |a Майкопский район 
610 1 |a орография 
610 1 |a стратиграфия 
610 1 |a тектоника 
610 1 |a грязевые сопки 
610 1 |a грязевые вулканы 
610 1 |a нефтеносность 
610 1 |a месторождения 
610 1 |a нефтеносность 
675 |a 55  |v 4 
700 1 |a Пахомов  |b С. Е. 
712 0 2 |a Нефтяной геологоразведочный институт  |c (Ленинград)  |c (1929-1945)  |2 stltpush  |3 (RuTPU)RU\TPU\col\23516  |9 28332 
801 1 |a RU  |b 63413507  |c 20210820 
801 2 |a RU  |b 63413507  |c 20210823  |g RCR 
942 |c BK